Aqua Teen Hunger Force Characters - Statistics

General Stats
  • This quiz has been taken 24 times
  • The average score is 5 of 15
Answer Stats
Hint Answer % Correct
An anthropomorphic ball of meat Meatwad
100%
An anthropomorphic box of fries Frylock
95%
An anthropomorphic milkshake Master Shake
95%
Irritable overweight neighbor with a Jersey accent Carl
84%
Bizarre "scientist" who frequently appears in the cold openings Dr. Weird
47%
A pink Mooninite Err
32%
Rapper subject to frequent reincarnation MC Pee Pants
21%
A green Mooninite Ignignokt
16%
A box with an afro Boxy Brown
11%
An orange Plutonian Oglethorpe
11%
Has been a penis, a tooth, and a hamburger Dr. Wongburger
5%
A green Plutonian Emory
5%
Assistant of the above Steve
5%
Crazed robot who tells long nonsensical stories Cybernetic Ghost of Christmas Past from the Future
0%
The Aqua Teens' landlord Markula
0%
No matching quizzes found
Score Distribution
Percent of People with Each Score
Percentile by Number Answered
Your Score History
You have not taken this quiz